<?xml version="1.0" encoding="UTF-8"?><?xml-stylesheet type="text/xsl" href="static/style.xsl"?><OAI-PMH xmlns="http://www.openarchives.org/OAI/2.0/" xmlns:xsi="http://www.w3.org/2001/XMLSchema-instance" xsi:schemaLocation="http://www.openarchives.org/OAI/2.0/ http://www.openarchives.org/OAI/2.0/OAI-PMH.xsd"><responseDate>2026-04-14T19:38:31Z</responseDate><request verb="GetRecord" identifier="oai:uvadoc.uva.es:10324/52802" metadataPrefix="marc">https://uvadoc.uva.es/oai/request</request><GetRecord><record><header><identifier>oai:uvadoc.uva.es:10324/52802</identifier><datestamp>2022-04-26T12:23:58Z</datestamp><setSpec>com_10324_1152</setSpec><setSpec>com_10324_931</setSpec><setSpec>com_10324_894</setSpec><setSpec>col_10324_1283</setSpec></header><metadata><record xmlns="http://www.loc.gov/MARC21/slim" xmlns:doc="http://www.lyncode.com/xoai" xmlns:xsi="http://www.w3.org/2001/XMLSchema-instance" xmlns:dcterms="http://purl.org/dc/terms/" xsi:schemaLocation="http://www.loc.gov/MARC21/slim http://www.loc.gov/standards/marcxml/schema/MARC21slim.xsd">
<leader>00925njm 22002777a 4500</leader>
<datafield tag="042" ind1=" " ind2=" ">
<subfield code="a">dc</subfield>
</datafield>
<datafield tag="720" ind1=" " ind2=" ">
<subfield code="a">López Jimeno, María del Amor</subfield>
<subfield code="e">author</subfield>
</datafield>
<datafield tag="260" ind1=" " ind2=" ">
<subfield code="c">2007</subfield>
</datafield>
<datafield tag="520" ind1=" " ind2=" ">
<subfield code="a">La relación del cine con el teatro remonta prácticamente a sus orígenes y en sus más de cien años de historia no ha dejado de inspirarse y nutrirse de él, así como de la literatura, con mayor o menor fortuna. Por otra parte, la Antigüedad grecolatina ha ejercido una especial fascinación entre los&#xd;
cineastas, ya desde Georges Méliès (1861-1938), pero sobre todo en la década de los cincuenta, con las grandes superproducciones del género peplum, que acuñó una estética inconfundible. Salvo honrosas excepciones (como Ben-hur, Espartaco de Kubrik o Cleopatra de Mankiewicz), la mayoría eran un mero vehículo de entretenimiento sin el menor rigor histórico. [Texto extraído del capítulo de María del Amor López Jimeno].</subfield>
</datafield>
<datafield tag="024" ind2=" " ind1="8">
<subfield code="a">Alonso Aldama, Javier; García Román, Cirilo y Mamolar Sánchez, ldoia (eds.). ΣΤΙΣ ΑΜΜΟΥΔΙΕΣ ΤΟΥ ΟΜΗΡΟΥ: Homenaje a la Profesora Olga Omatos. Bilbao, 2007, págs. 511-529</subfield>
</datafield>
<datafield tag="024" ind2=" " ind1="8">
<subfield code="a">978-84-9860-011-7</subfield>
</datafield>
<datafield tag="024" ind2=" " ind1="8">
<subfield code="a">https://uvadoc.uva.es/handle/10324/52802</subfield>
</datafield>
<datafield tag="024" ind2=" " ind1="8">
<subfield code="a">511</subfield>
</datafield>
<datafield tag="024" ind2=" " ind1="8">
<subfield code="a">529</subfield>
</datafield>
<datafield tag="024" ind2=" " ind1="8">
<subfield code="a">ΣΤΙΣ ΑΜΜΟΥΔΙΕΣ ΤΟΥ ΟΜΗΡΟΥ: Homenaje a la Profesora Olga Omatos</subfield>
</datafield>
<datafield ind1=" " ind2=" " tag="653">
<subfield code="a">Eurípides - Crítica e interpretación</subfield>
</datafield>
<datafield ind1=" " ind2=" " tag="653">
<subfield code="a">Tragedia griega - Historia y crítica</subfield>
</datafield>
<datafield ind1=" " ind2=" " tag="653">
<subfield code="a">Cine y literatura</subfield>
</datafield>
<datafield ind1=" " ind2=" " tag="653">
<subfield code="a">Cine griego</subfield>
</datafield>
<datafield ind1=" " ind2=" " tag="653">
<subfield code="a">Cinematografía y teatro</subfield>
</datafield>
<datafield ind1=" " ind2=" " tag="653">
<subfield code="a">Adaptaciones cinematográficas</subfield>
</datafield>
<datafield ind1=" " ind2=" " tag="653">
<subfield code="a">Filología griega - Discursos, ensayos, conferencias</subfield>
</datafield>
<datafield tag="245" ind1="0" ind2="0">
<subfield code="a">La trilogía euripídea de M. Cacoyannis</subfield>
</datafield>
</record></metadata></record></GetRecord></OAI-PMH>